[Event "World Blitz Women 2021"]
[Site "Warsaw POL"]
[Date "2021.12.30"]
[Round "13.51"]
[White "Brambilla, Renee Blandy T."]
[Black "Budkiewicz, Magdalena"]
[Result "0-1"]
[WhiteElo "1536"]
[BlackElo "1929"]
[WhiteFideId "2115085"]
[BlackFideId "1194917"]
[EventDate "2021.12.29"]

1. d4 Nf6 2. c4 g6 3. Nc3 Bg7 4. e4 d6 5. Nf3 O-O 6. Be2 e5 7. O-O Nbd7 8. d5
Nc5 9. Bd3 Bg4 10. h3 Bd7 11. Bg5 h6 12. Be3 Nxd3 13. Qxd3 Nh5 14. Qd2 Kh7 15.
Rac1 Rc8 16. Ne2 Qe7 17. Ng3 Nxg3 18. fxg3 f5 19. c5 fxe4 20. cxd6 cxd6 21. Nh2
a6 22. Rxf8 Qxf8 23. Rf1 Qe7 24. Qf2 Kg8 25. Qe2 Rf8 26. Rxf8+ Qxf8 27. Qf2
Qxf2+ 28. Kxf2 Bb5 29. Ng4 h5 30. Nh2 Bc4 31. g4 Bxa2 32. gxh5 gxh5 33. Nf1 Bxd5
34. Ng3 Bc6 35. Nf5 d5 36. Kg3 d4 37. Bc1 Kf7 38. Kh4 e3 39. Kxh5 e2 40. Bd2
Bxg2 41. h4 Bf3+ 42. Kg5 Bc6 43. h5 e4 44. h6 Bh8 45. Nd6+ Ke6 46. Nc4 e3 47.
Be1 Bd5 48. Na3 d3 49. Kg6 Ke5 0-1

[Event "World Blitz Women 2021"]
[Site "Warsaw POL"]
[Date "2021.12.30"]
[Round "14.9"]
[White "Salimova, Nurgyul"]
[Black "Stefanova, Antoaneta"]
[Result "0-1"]
[WhiteTitle "IM"]
[BlackTitle "GM"]
[WhiteElo "2353"]
[BlackElo "2469"]
[WhiteFideId "2915138"]
[BlackFideId "2902257"]
[EventDate "2021.12.29"]

1. d4 d5 2. Nc3 Nf6 3. Bf4 e6 4. Nb5 Na6 5. e3 c6 6. Nc3 Bb4 7. Bd3 Qa5 8. Ne2
c5 9. Bxa6 Qxa6 10. a3 Bxc3+ 11. Nxc3 cxd4 12. Qxd4 O-O 13. h4 h5 14. g4 Nxg4
15. f3 e5 16. Bxe5 Nxe5 17. Qxe5 Qe6 18. Qxe6 fxe6 19. f4 d4 20. Ne2 dxe3 21.
O-O-O e5 22. fxe5 Bg4 23. Rde1 Rae8 24. Nc3 Rxe5 25. b3 Rf2 26. Kb2 e2 27. Kc1
Bf3 28. Rhg1 Rh2 29. Kd2 Rxh4 30. Rg3 Bg4 31. Re3 Rxe3 32. Kxe3 Rh3+ 33. Kd2 Rh2
34. a4 h4 35. Nd5 h3 36. Rg1 Rg2 37. Rh1 h2 38. Ne3 Rg1 0-1

[Event "World Blitz Women 2021"]
[Site "Warsaw POL"]
[Date "2021.12.30"]
[Round "15.2"]
[White "Gunina, Valentina"]
[Black "Shuvalova, Polina"]
[Result "1/2-1/2"]
[WhiteTitle "GM"]
[BlackTitle "IM"]
[WhiteElo "2471"]
[BlackElo "2516"]
[WhiteFideId "4167570"]
[BlackFideId "24171760"]
[EventDate "2021.12.29"]

1. d4 Nf6 2. c4 e6 3. Nf3 d5 4. Nc3 c5 5. cxd5 exd5 6. Bg5 Be6 7. e3 c4 8. Be2
Nc6 9. O-O Bb4 10. e4 Bxc3 11. bxc3 dxe4 12. Nd2 h6 13. Bxf6 Qxf6 14. Nxe4 Qe7
15. Nc5 O-O 16. Re1 Rad8 17. Nxe6 Qxe6 18. Qa4 a6 19. Qxc4 Qxc4 20. Bxc4 Na5 21.
Bb3 Rc8 22. Rac1 b5 23. Re7 Nxb3 24. axb3 Rfd8 25. Re4 f5 26. Rf4 Rd5 27. Kf1 g5
28. Rf3 Rxd4 29. Rxf5 Rd3 30. Rf6 Kg7 31. Rxa6 Rdxc3 32. Rd1 Rc1 33. Rxc1 Rxc1+
34. Ke2 Rb1 35. Kf3 Rxb3+ 36. Kg4 Rb4+ 37. Kg3 Rc4 38. Rb6 b4 39. Kf3 Rc3+ 40.
Ke4 Rc2 41. Ke3 Rc4 42. h3 Rc3+ 43. Kd2 Rc4 44. f3 Rd4+ 45. Ke3 Rc4 46. Kd3 Rc3+
47. Ke4 Rc4+ 48. Ke5 Rc5+ 49. Ke6 Rc4 50. Kd5 Rc2 51. g4 Rc3 52. Ke4 b3 53. Rb7+
Kg6 54. Rb6+ Kg7 55. Rb7+ Kg6 56. Rb6+ Kg7 1/2-1/2

[Event "World Blitz Women 2021"]
[Site "Warsaw POL"]
[Date "2021.12.30"]
[Round "15.8"]
[White "Bivol, Alina"]
[Black "Socko, Monika"]
[Result "0-1"]
[WhiteTitle "IM"]
[BlackTitle "GM"]
[WhiteElo "2368"]
[BlackElo "2393"]
[WhiteFideId "4100123"]
[BlackFideId "1106619"]
[EventDate "2021.12.29"]

1. e4 e6 2. d4 d5 3. Nc3 Nf6 4. Bg5 Bb4 5. e5 h6 6. Bc1 Ne4 7. Qd3 c5 8. a3 c4
9. Qe3 Qa5 10. Ne2 Nc6 11. f3 Nxc3 12. bxc3 Be7 13. f4 Qa4 14. Ra2 Bd7 15. g3
O-O-O 16. Bg2 Kb8 17. O-O f5 18. exf6 Bxf6 19. g4 Ne7 20. Ng3 g6 21. g5 Bg7 22.
Re1 Rde8 23. gxh6 Rxh6 24. Qf3 Rhh8 25. Qg4 Qc6 26. Rb2 Ka8 27. Bd2 e5 28. Qd1
exd4 29. Ne2 Nf5 30. Rb1 Qc5 31. cxd4 Bxd4+ 32. Nxd4 Qxd4+ 33. Kf1 Rxh2 34.
Rxe8+ Bxe8 35. Qe1 Bc6 36. Qe5 Ng3+ 37. Ke1 Qg1+ 0-1

[Event "World Blitz Women 2021"]
[Site "Warsaw POL"]
[Date "2021.12.30"]
[Round "15.48"]
[White "Heredia Serrano, Carla"]
[Black "Kazarian, Anna-Maja"]
[Result "1/2-1/2"]
[WhiteTitle "WGM"]
[BlackTitle "FM"]
[WhiteElo "2121"]
[BlackElo "2138"]
[WhiteFideId "3603687"]
[BlackFideId "1033689"]
[EventDate "2021.12.29"]

1. e4 e6 2. d4 d5 3. Nc3 Nf6 4. Bg5 dxe4 5. Nxe4 Nbd7 6. Nf3 Be7 7. Nxf6+ Bxf6
8. Bxf6 Qxf6 9. Bd3 c5 10. Qe2 cxd4 11. O-O-O a6 12. Qe4 Nc5 13. Qxd4 Qxd4 14.
Nxd4 O-O 15. Nb3 Nxb3+ 16. axb3 e5 17. Rhe1 f6 18. Bc4+ Kh8 19. f3 Bf5 20. g4
Bg6 21. Rd7 b5 22. Bd3 Be8 23. Rc7 Rf7 24. Rc5 Rd8 25. Rd1 Rfd7 26. Be2 Rxd1+
27. Bxd1 Kg8 28. Be2 Rd6 29. Rc8 Kf7 30. Bd3 g6 31. h4 Bd7 32. Rc7 Ke8 33. Ra7
f5 34. Ra8+ Kf7 35. Ra7 fxg4 36. fxg4 Ke6 37. Be4 Rb6 38. c4 Kd6 39. Kd2 Ke7 40.
Kc3 b4+ 41. Kc2 Ke6 42. Bd5+ Ke7 43. c5 Rb5 44. Kd3 Rxc5 45. Bc4 a5 46. Ke4 Kd6
47. g5 Bc6+ 48. Ke3 e4 49. Rxh7 Rf5 50. Rh6 Rf3+ 51. Ke2 Be8 52. h5 Rh3 53. hxg6
Rxh6 54. gxh6 Bxg6 55. Ke3 Bh7 56. Ba6 Ke5 57. Bb7 Bg6 58. Bc6 Bh7 59. Bd7 Kd6
60. Bb5 Kc5 61. Be8 Kd5 62. Bd7 1/2-1/2

[Event "World Blitz Women 2021"]
[Site "Warsaw POL"]
[Date "2021.12.30"]
[Round "16.8"]
[White "Kashlinskaya, Alina"]
[Black "Buksa, Nataliya"]
[Result "0-1"]
[WhiteTitle "IM"]
[BlackTitle "IM"]
[WhiteElo "2490"]
[BlackElo "2401"]
[WhiteFideId "4198026"]
[BlackFideId "14123622"]
[EventDate "2021.12.29"]

1. d4 d5 2. c4 e6 3. Nc3 Be7 4. Nf3 Nf6 5. Bf4 O-O 6. e3 b6 7. Be2 dxc4 8. Bxc4
Ba6 9. Qe2 Bxc4 10. Qxc4 c5 11. dxc5 Bxc5 12. O-O Nbd7 13. Rfd1 Qc8 14. Rac1 Qb7
15. Bg3 Rac8 16. Qh4 h6 17. h3 a6 18. Ne5 Rfd8 19. Ne2 Nxe5 20. Bxe5 Be7 21.
Rxd8+ Bxd8 22. Rd1 Nd5 23. Qg3 f6 24. Bd4 e5 25. Bc3 Be7 26. Qf3 Rd8 27. Ng3 g6
28. h4 h5 29. Qe4 Kg7 30. a3 Rd7 31. Be1 b5 32. Qf3 Nb6 33. Rxd7 Qxd7 34. Ne4
Nc4 35. Bc3 Qg4 36. Qxg4 hxg4 37. Kh2 Kf7 38. Kg3 f5 39. Ng5+ Bxg5 40. hxg5 Ke6
41. e4 Nd6 42. exf5+ Kxf5 43. f3 gxf3 44. gxf3 Nf7 45. Kf2 Nxg5 46. Ke3 Ne6 47.
Ba5 Nc5 48. Bd8 Na4 49. b3 Nc3 50. Be7 Nd5+ 0-1

[Event "World Blitz Women 2021"]
[Site "Warsaw POL"]
[Date "2021.12.30"]
[Round "16.11"]
[White "Babiy, Olga"]
[Black "Gaponenko, Inna"]
[Result "1/2-1/2"]
[WhiteTitle "WGM"]
[BlackTitle "IM"]
[WhiteElo "2259"]
[BlackElo "2347"]
[WhiteFideId "14117258"]
[BlackFideId "14101181"]
[EventDate "2021.12.29"]

1. d4 g6 2. e4 Bg7 3. Nc3 d6 4. f4 a6 5. Nf3 b5 6. Be3 Bb7 7. Bd3 Nd7 8. a4 b4
9. Ne2 c5 10. c3 Ngf6 11. Ng3 O-O 12. O-O bxc3 13. bxc3 Ng4 14. Qe2 Nxe3 15.
Qxe3 cxd4 16. cxd4 Qa5 17. e5 Bxf3 18. Rxf3 dxe5 19. fxe5 Nb6 20. Ne4 Rad8 21.
Ng5 Qc3 22. Rb1 Nxa4 23. Bxa6 Qxd4 24. Qxd4 Rxd4 25. Re1 Nc5 26. Bf1 h6 27. Nh3
Rfd8 28. Rc3 Ne6 29. Nf2 R4d5 30. Rce3 Nd4 31. Bc4 Rc5 32. Bd3 Nc6 33. e6 f5 34.
Bb1 Bd4 35. R3e2 Na5 36. Kh1 Nb3 37. Nd3 Rc3 38. Nf4 Kg7 39. Rb2 Nc5 40. Rbe2
Bf6 41. Nh3 Rb3 42. Nf4 Rdb8 43. Ba2 Rb2 44. h3 Rxe2 45. Rxe2 Ne4 46. Re1 Rb2
47. Bc4 Be5 48. Nd3 Nf2+ 49. Nxf2 Rxf2 50. Rxe5 Kf6 51. Re1 g5 52. Kg1 Rb2 53.
Rc1 h5 54. Kh2 h4 55. Bd5 Rd2 56. Bb3 Rb2 57. Bd5 Rd2 58. Bb3 Rb2 59. Bc4 Rd2
60. Kh1 Rb2 61. Kg1 Rd2 62. Kf1 Rb2 63. Kg1 Rd2 64. Bb3 Rb2 65. Bc4 1/2-1/2

[Event "World Blitz Women 2021"]
[Site "Warsaw POL"]
[Date "2021.12.30"]
[Round "16.29"]
[White "Hryzlova, Sofiia"]
[Black "Badelka, Olga"]
[Result "1/2-1/2"]
[WhiteTitle "WCM"]
[BlackTitle "IM"]
[WhiteElo "2097"]
[BlackElo "2453"]
[WhiteFideId "14174669"]
[BlackFideId "13509926"]
[EventDate "2021.12.29"]

1. d4 Nf6 2. c4 e6 3. Nc3 Bb4 4. e3 O-O 5. Bd2 c5 6. a3 Bxc3 7. Bxc3 b6 8. Nf3
Bb7 9. Be2 Ne4 10. Rc1 Nxc3 11. Rxc3 cxd4 12. exd4 d6 13. O-O Nd7 14. b4 Rc8 15.
Qd2 Qe7 16. Rfc1 e5 17. d5 h6 18. Ne1 f5 19. a4 e4 20. Nc2 Ne5 21. Nd4 Rf6 22.
Bf1 Re8 23. Re1 Bc8 24. c5 bxc5 25. bxc5 dxc5 26. Nb3 c4 27. Na5 Ba6 28. Nxc4
Nxc4 29. Bxc4 Bxc4 30. Rxc4 Rd8 31. Rd4 Qc5 32. Rd1 Rfd6 33. Qa2 Kh7 34. h3 Rg6
35. Qd2 Rdd6 36. Qf4 Rgf6 37. Qe5 Qc2 38. Qe7 Rg6 39. Qe5 a5 40. R4d2 Qxa4 41.
Qxf5 Qc4 42. Qf7 a4 43. Qa7 Qb3 44. Rd4 Ra6 45. Qe7 a3 46. Qxe4 a2 47. Ra1 Qb2
48. Rdd1 Rf6 49. Qe3 Rg5 50. d6 Rf8 51. d7 Rd8 52. Qd3+ Kh8 53. Qc4 Ra5 54. Qf7
Kh7 55. Qe8 Raa8 56. Qe4+ Kh8 57. Qxa8 Rxa8 58. d8=Q+ Rxd8 59. Rxd8+ Kh7 60.
Rdd1 Kg6 61. Rd6+ Kf7 62. Rd7+ Kf6 63. Rd6+ Ke5 1/2-1/2

[Event "World Blitz Women 2021"]
[Site "Warsaw POL"]
[Date "2021.12.30"]
[Round "17.18"]
[White "Bivol, Alina"]
[Black "Danielian, Elina"]
[Result "1/2-1/2"]
[WhiteTitle "IM"]
[BlackTitle "GM"]
[WhiteElo "2368"]
[BlackElo "2441"]
[WhiteFideId "4100123"]
[BlackFideId "13300210"]
[EventDate "2021.12.29"]

1. e4 c6 2. d4 d5 3. exd5 cxd5 4. Bd3 Nc6 5. c3 Nf6 6. Ne2 g6 7. O-O Bg7 8. Bf4
Bg4 9. Qe1 Qb6 10. b3 Bxe2 11. Qxe2 O-O 12. Nd2 Rac8 13. Nf3 e6 14. Rac1 a6 15.
Rfd1 Rfe8 16. Ne5 Nxe5 17. Bxe5 Nd7 18. Bxg7 Kxg7 19. h4 h5 20. g3 Qd6 21. c4
dxc4 22. bxc4 e5 23. d5 Nc5 24. Bb1 Rcd8 25. Qb2 Qf6 26. Re1 e4 27. Qa3 b6 28.
Bc2 Qd6 29. Rb1 Rb8 30. Qc3+ Qf6 31. Qa3 Qd6 32. Rbd1 f5 33. Qe3 Rbd8 34. a4 a5
35. Rb1 Rb8 36. Rb5 Na6 37. Rb2 Qf6 38. Reb1 Nb4 39. Rxb4 axb4 40. Rxb4 Rec8 41.
Kg2 Qd6 42. Qd4+ Qf6 43. Qe3 Qe5 44. Rxb6 Rxb6 45. Qxb6 Rxc4 46. Bb3 Rc7 47. a5
e3 48. Qxe3 Qxe3 49. fxe3 Rc3 50. Bd1 Ra3 51. Kf3 Rxa5 52. Bb3 Kf6 53. d6 Ra7
54. Kf4 Rd7 55. e4 fxe4 56. Kxe4 Rxd6 57. Kf4 Rd4+ 58. Ke3 Rb4 59. Bc2 Rd4 60.
Be4 Ra4 61. Kf3 g5 62. hxg5+ Kxg5 63. Bd5 Ra3+ 64. Kg2 Rd3 65. Bb7 Rc3 66. Bf3
Rc2+ 67. Kh3 Ra2 68. Bd1 Ra3 69. Kg2 Rd3 70. Bf3 Rd2+ 71. Kh3 Rb2 72. Bd1 Ra2
73. Bf3 Ra3 74. Kg2 Ra5 75. Be2 Kf6 76. Kh3 Kg5 77. Bd1 Ra1 78. Be2 Ra3 79. Kg2
Ra2 80. Kf2 Rb2 81. Kf3 Rb3+ 82. Kg2 h4 83. gxh4+ Kxh4 84. Kf2 Kg5 85. Ke1 Rb2
86. Kf2 Kf4 87. Kf1 1/2-1/2

[Event "World Blitz Women 2021"]
[Site "Warsaw POL"]
[Date "2021.12.30"]
[Round "17.35"]
[White "Serikbay, Assel"]
[Black "Zawadzka, Jolanta"]
[Result "1/2-1/2"]
[WhiteTitle "WIM"]
[BlackTitle "WGM"]
[WhiteElo "2263"]
[BlackElo "2426"]
[WhiteFideId "13706799"]
[BlackFideId "1122320"]
[EventDate "2021.12.29"]

1. d4 d5 2. Nf3 Nf6 3. c4 e6 4. Nc3 a6 5. cxd5 exd5 6. Bg5 Be6 7. e3 h6 8. Bh4
Nbd7 9. Bd3 Bd6 10. O-O c6 11. Rc1 Qc7 12. Bb1 Bg4 13. Bg3 Bxg3 14. hxg3 O-O 15.
Qd3 g6 16. Nh4 Kh8 17. Nxg6+ fxg6 18. Qxg6 Nb6 19. Qxh6+ Kg8 20. f3 Be6 21. g4
Qg7 22. Qh4 Kf7 23. g5 Nfd7 24. g6+ Ke8 25. f4 Rh8 26. Qg5 Qf6 27. Qg3 Ke7 28.
f5 Bg8 29. e4 Qxd4+ 30. Rf2 Qe5 31. f6+ Kd6 32. Qxe5+ Nxe5 33. f7 Bxf7 34. gxf7
d4 35. Ne2 d3 36. Nf4 Raf8 37. Nxd3 Nxf7 38. Rcf1 Ke7 39. Nc5 Nd6 40. e5 Ndc4
41. Nxb7 Rxf2 42. Rxf2 Nd5 43. b3 Nxe5 44. Nc5 Ng4 45. Re2+ Kd6 46. Ne4+ Kc7 47.
g3 Re8 48. Bd3 Nb4 49. Bc4 Nxa2 50. Rxa2 Rxe4 51. Rxa6 Rd4 52. Ra7+ Kd6 53. Rf7
Rd1+ 54. Kg2 Ne3+ 55. Kf2 Nxc4 56. bxc4 Rc1 57. Rf4 Kc5 58. g4 Rxc4 59. Rxc4+
Kxc4 60. Ke3 Kd5 61. Kd3 1/2-1/2

[Event "World Blitz Women 2021"]
[Site "Warsaw POL"]
[Date "2021.12.30"]
[Round "17.40"]
[White "Goraj, Barbara"]
[Black "Doluhanova, Evgeniya"]
[Result "1/2-1/2"]
[WhiteTitle "WCM"]
[BlackTitle "WGM"]
[WhiteElo "2044"]
[BlackElo "2264"]
[WhiteFideId "21816166"]
[BlackFideId "14112035"]
[EventDate "2021.12.29"]

1. e4 c5 2. Nf3 d6 3. d4 cxd4 4. Nxd4 Nf6 5. Nc3 a6 6. Be2 e5 7. Nb3 Be7 8. Bg5
Nbd7 9. Qd3 b5 10. O-O Bb7 11. Bxf6 Nxf6 12. Nd5 Nxd5 13. exd5 O-O 14. a4 b4 15.
c4 bxc3 16. bxc3 f5 17. c4 e4 18. Qe3 Bf6 19. Rab1 Bc8 20. c5 dxc5 21. Bc4 Be5
22. Qxc5 Bd6 23. Qc6 Ra7 24. Nd4 Rc7 25. Qa8 Rxc4 26. Nc6 Qh4 27. g3 Qg5 28. h4
Qg4 29. Qa7 f4 30. Ne7+ Bxe7 31. Qxe7 fxg3 32. fxg3 Qxg3+ 33. Kh1 Qh3+ 34. Kg1
Qg3+ 35. Kh1 Qh3+ 36. Kg1 Qg4+ 37. Kh1 Qh3+ 38. Kg1 Rxf1+ 39. Rxf1 Qg3+ 40. Kh1
Qh3+ 41. Kg1 h6 42. d6 Rc2 43. Rf8+ Kh7 44. Qxe4+ Bf5 45. Qxf5+ Qxf5 46. Rxf5
Rd2 47. d7 Rxd7 48. Ra5 Rd6 49. h5 g6 50. hxg6+ Kxg6 51. Kf2 Kf6 52. Rh5 Ke7 53.
Ke3 Kd7 54. Rc5 Rc6 55. Rd5+ Kc7 56. a5 Re6+ 57. Kf3 Kc6 58. Rf5 Rd6 59. Ke3 Rd5
60. Rf6+ Kb5 61. Rxh6 Kxa5 62. Rh4 Kb5 63. Rh2 a5 64. Rd2 Rc5 65. Kd3 Kb4 66.
Ra2 1/2-1/2

[Event "World Blitz Women 2021"]
[Site "Warsaw POL"]
[Date "2021.12.30"]
[Round "17.44"]
[White "Rudzinska, Michalina"]
[Black "Nur-Mukhametova, Alisa"]
[Result "0-1"]
[WhiteTitle "WFM"]
[WhiteElo "2215"]
[BlackElo "2225"]
[WhiteFideId "1172883"]
[BlackFideId "54117739"]
[EventDate "2021.12.29"]

1. e4 c5 2. Nf3 e6 3. d4 cxd4 4. Nxd4 Nf6 5. Bd3 Nc6 6. Nxc6 dxc6 7. O-O e5 8.
Nd2 Bc5 9. Nc4 Qc7 10. Bg5 Be7 11. a4 Be6 12. Qe2 O-O 13. Ne3 Rfe8 14. Nf5 Bxf5
15. exf5 Nd5 16. Bxe7 Qxe7 17. g3 e4 18. Bc4 Qg5 19. Rad1 Nf6 20. f3 Qxf5 21.
Bb3 exf3 22. Qxf3 Qxf3 23. Rxf3 Rad8 24. Rxd8 Rxd8 25. g4 h6 26. h4 Rd4 27. g5
hxg5 28. hxg5 Rg4+ 29. Kf1 Rxg5 30. Rd3 Re5 31. a5 Re8 32. Kg2 g6 33. Bc4 Kg7
34. Rb3 Re7 35. a6 b6 36. Rf3 Ne4 37. Bd3 Nc5 38. Bf1 f5 39. Rc3 Re6 40. b4 Ne4
41. Rh3 Rd6 42. Bd3 Nf6 43. Re3 Nd5 44. Re8 Nxb4 45. Re7+ Kf6 46. Rxa7 Nxd3 47.
cxd3 Rxd3 48. Rc7 Ra3 49. Rxc6+ Kg5 50. Rxb6 Ra2+ 51. Kf3 Ra3+ 52. Kf2 Kh5 53.
Ke2 g5 54. Kd2 f4 55. Kc2 f3 56. Kb2 Ra5 57. Kc2 Kg4 58. Kb3 Kg3 59. Rf6 g4 60.
Kb4 Ra1 61. Kb5 f2 62. Kb6 f1=Q 0-1

[Event "World Blitz Women 2021"]
[Site "Warsaw POL"]
[Date "2021.12.30"]
[Round "17.48"]
[White "Budkiewicz, Magdalena"]
[Black "Zabrzanska, Weronika"]
[Result "1-0"]
[WhiteElo "1929"]
[BlackElo "1923"]
[WhiteFideId "1194917"]
[BlackFideId "21825173"]
[EventDate "2021.12.29"]

1. e4 e5 2. Nf3 Nc6 3. Bb5 a6 4. Ba4 Nf6 5. O-O b5 6. Bb3 Nxe4 7. Re1 d5 8. d3
Nf6 9. Nxe5 Nxe5 10. Rxe5+ Be6 11. Bg5 Bd6 12. Re1 O-O 13. Nc3 c6 14. Ne2 Bxh2+
15. Kxh2 Ng4+ 16. Kg1 Qxg5 17. Nd4 Qf6 18. Nf3 Rfe8 19. d4 Nh6 20. Ne5 Rac8 21.
c3 Qh4 22. Nf3 Qg4 23. Ne5 Qxd1 24. Raxd1 f6 25. Nd3 a5 26. Nc5 Kf7 27. Bc2 g6
28. Nb7 Ke7 29. Nxa5 Kd7 30. Nb7 Bf5 31. Nc5+ Kd6 32. Bxf5 Nxf5 33. a3 Ng7 34.
Kf1 Ne6 35. Nxe6 Rxe6 36. Rxe6+ Kxe6 37. Re1+ Kd6 38. Re3 Rd8 39. Ke2 Kd7 40.
Kd3 Kd6 41. Rh3 Rd7 42. Rf3 f5 43. Re3 Rd8 44. Re5 Rg8 45. Ke3 h6 46. f4 h5 47.
Kf3 Rh8 48. Kg3 h4+ 49. Kh3 Kd7 50. Kh2 Rh5 51. Kh3 Rh8 52. Kh2 Rh5 53. b3 Rh8
54. Kh3 Ra8 55. a4 bxa4 56. bxa4 Rxa4 57. Kxh4 Ra2 58. g3 Rc2 59. Re3 Ra2 60.
Kg5 Ra6 61. Kxg6 c5+ 62. Kxf5 cxd4 63. cxd4 Ra4 64. Rd3 Kd6 65. g4 Ra8 66. g5
Rf8+ 67. Kg4 Ke6 68. Re3+ Kd6 69. f5 Rc8 70. f6 Rc4 71. Rd3 Ke6 72. Kh5 Rc8 73.
Re3+ Kf5 74. Re5+ Kf4 75. Rxd5 Rg8 76. f7 Rf8 77. Kg6 Rc8 78. Rf5+ Kg4 79. f8=Q
Rc6+ 80. Rf6 1-0